Σχήματα Χωρών από Λ - Statistics

General Stats
  • This quiz has been taken 5 times
  • The average score is 8 of 11
Answer Stats
Picture Answer % Correct
Λιβύη
100%
Λάος
80%
Λετονία
80%
Λευκορωσία
80%
Λίβανος
80%
Λουξεμβούργο
80%
Λαϊκή Δημοκρατία του Κονγκό
60%
Λεσότο
60%
Λιβερία
60%
Λιθουανία
60%
Λιχτενστάιν
60%
No matching quizzes found
Score Distribution
Percent of People with Each Score
Percentile by Number Answered
Your Score History
You have not taken this quiz